| 000 | 00375nam a2200145Ia 4500 | ||
|---|---|---|---|
| 008 | 230917s9999||||xx |||||||||||||| ||und|| | ||
| 040 |
_e134603 _aMAIN |
||
| 041 | _aEnglish | ||
| 082 | _a362.70954 I2B | ||
| 100 | _aIndia Govt of | ||
| 245 | 0 | _aBhartiya balak: ek aaklan 2002 | |
| 260 |
_aNew Delhi _bMahila evam bal vikash vibhag _c2002 |
||
| 300 | _a171p. p. | ||
| 942 | _cBK | ||
| 999 |
_c82641 _d82641 |
||